| 000 | 00452nam a2200169Ia 4500 | ||
|---|---|---|---|
| 005 | 20240605023649.0 | ||
| 008 | 240331s9999 xx 000 0 und d | ||
| 020 | _a0415117569 | ||
| 082 |
_bMCL _a370 |
||
| 100 | _aMcLaren, P | ||
| 245 | 0 |
_aCritical pedagogy and predatory culture : _boppositional politics in a post modern era |
|
| 260 |
_aLondon _bRoutledge _c1995 |
||
| 300 | _axiii,294 | ||
| 650 | _aEducation | ||
| 650 | _aSociology | ||
| 942 | _cL | ||
| 999 |
_c2945 _d2945 |
||